| 000 | 00657cam a22001571i 4500 | ||
|---|---|---|---|
| 082 |
_a940.5482 _bWEY _cL-30, P-82 |
||
| 100 | 1 |
_aWeygand, Maxime, _949029 |
|
| 245 | 1 | 4 |
_aThe role of General Weygand : _bconversations with his son / _cCommandant J. Weygand, translated by J.H.F. McEwen, with an introduction by Cyril Falls. |
| 260 |
_aLondon : _bEyre & Spottiswoode _c1948. |
||
| 300 |
_a191 p. : _bport., maps (1 fold.) ; _c23 cm. |
||
| 526 |
_a0 _b0 _c0 _d940_548200000000000_WEY |
||
| 650 | 0 |
_aWorld War, 1939-1945 _xPersonal narratives, French. _949030 |
|
| 650 | 0 |
_aWorld War, 1939-1945 _zFrance. _949004 |
|
| 700 | 1 |
_aWeygand, Jacques. _949031 |
|
| 942 |
_2ddc _cBK |
||
| 999 |
_c551865 _d551865 |
||